Les plus gros transferts du football - Saison 2023-2024 - Statistiques

Statistiques générales
  • Ce quiz a été pris 147 fois
  • Le résultat moyen est 8 sur 10
Statistiques - réponses
Montant de transfert (M €) Nationalité Venant de Allant à Joueur % Correct
116,60 Angleterre West Ham United Arsenal Declan Rice
93%
90,00 Brésil Paris SG Al-Hilal Neymar
92%
95,00 Angleterre Tottenham Bayern Munich Harry Kane
91%
103,00 Angleterre Borussia Dortmund Real Madrid Jude Bellingham
91%
95,00 France E. Francfort Paris SG Randal Kolo Muani
89%
75,00 Allemagne Chelsea Arsenal Kai Havertz
87%
90,00 Croatie RB Leipzig Manchester City Josko Gvardiol
81%
116,00 Équateur Brighton Chelsea Moisés Caicedo
67%
73,90 Danemark Atalanta BC Manchester United Rasmus Højlund
62%
70,00 Hongrie RB Leipzig Liverpool Dominik Szoboszlai
57%
Aucun quiz correspondant
Distribution des résultats
% des personnes avec chaque résultat
Percentile par nombre de réponses
Votre historique - résultats
Vous n’avez pas pris ce quiz